Il Direttorio della Pia Societa San Paolo (Record n. 38166)

Dettagli MARC
000 -LEADER
fixed length control field 00627 a2200169 4500
003 - CONTROL NUMBER IDENTIFIER
control field IT-RoPau
005 - DATE AND TIME OF LATEST TRANSACTION
control field 20220918175943.0
008 - FIXED-LENGTH DATA ELEMENTS--GENERAL INFORMATION
fixed length control field 130301b xxu||||| |||| 00| 0 eng d
040 ## - CATALOGING SOURCE
Transcribing agency IT-RoPau
245 ## - TITLE STATEMENT
Title Il Direttorio della Pia Societa San Paolo
250 ## - EDITION STATEMENT
Edition statement 1° ed
260 ## - PUBLICATION, DISTRIBUTION, ETC. (IMPRINT)
Place of publication, distribution, etc. Ostia-Lido
Name of publisher, distributor, etc. PSSP
Date of publication, distribution, etc. 1966
300 ## - PHYSICAL DESCRIPTION
Extent 443 pp.
Dimensions 18,5 cm
490 ## - SERIES STATEMENT
Series statement EP
520 ## - SUMMARY, ETC.
Summary, etc. Indice<br/><br/>Introduzione<br/>Carta d'identità della Pia Società San Paolo<br/><br/>Parte prima<br/>Fine e membri della Pia Società San Paolo<br/><br/>Parte seconda<br/>Vita e opere della Pia Società San Paolo<br/><br/>Parte terza<br/>Governo della Pia Società San Paolo
942 ## - ADDED ENTRY ELEMENTS (KOHA)
Source of classification or shelving scheme Dewey Decimal Classification
Koha item type LIBRO
Dati di copia
Withdrawn status Lost status Source of classification or shelving scheme Damaged status Not for loan Home library Current library Date acquired Total Checkouts Full call number Date last seen Price effective from Koha item type
    Dewey Decimal Classification Buone Condizioni Not For Loan PAULUS-BIBLIOTECA PAULUS-BIBLIOTECA 26/02/2013   P C3 26/02/2013 26/02/2013 LIBRO
CREDITS: SOCIETA' SAN PAOLO Via A.Severo, 58 - ROMA (RM) & PERIODICI SAN PAOLO SRL Via Giotto, 36 MILANO & CISF Via Giotto, 36 MILANO & EDIZIONI SAN PAOLO SRL,  Piazza Soncino, 5 CINISELLO BALSAMO (MI) -- ITALY